00677nam a2200193Ia 4500952015200000999001700152003000400169005001700173008004100190020001800231040000900249082001900258100002800277245006900305260004300374300000900417650001300426942004400439 00102ddc40708PRODUCTIONaMESbMEScECO d2019-02-20g950.00l1m1o338.927 SIN/Ep38934r2025-01-06 11:31:32s2024-12-17w2019-02-20yBKzGL8R3 c11453d11453OSt20191227093048.0190216s9999||||xx |||||||||||||| ||und|| a9788184840377 coclc a338.927bSIN/E a Singh, Arun Kumar9810 0aEnvironmental Economics Various Dimensions /c Arun Kumar Singh bRegal Publications,c2009.aNew Delhi: a254p aEcnomics cBK2ddch338.927iSIN/Ek338.927mSIN/E